Lecturas de Biología para educación primaria, secundaria y media

La evolución biológica es el hilo conductor del presente programa de lecturas, cuyo propósito es servir de apoyo a los docentes y sus estudiantes en sus labores dentro y fuera del aula.

Uloženo v:
Podrobná bibliografie
Další autoři: Bronowski, Jacob
Médium: Kniha
Jazyk:Spanish
Vydáno: Bogotá: Cedetrabajo, 1997
Edice:Cedetrabajo
Témata:
On-line přístup:Enlace del recurso
Tagy: Přidat tag
Žádné tagy, Buďte první, kdo vytvoří štítek k tomuto záznamu!

MARC

LEADER 00000nam a2200000 a 4500
001 000574
008 031127s1997 ck # fr# #000|0#spa#d
041 0 |a spa 
043 |a s-ck--- 
082 0 4 |a 570.7  |b L217l 
245 1 0 |a Lecturas de Biología para educación primaria, secundaria y media   |c Jacob Bronowski ... [et al.] 
260 |a Bogotá:  |b Cedetrabajo,  |c 1997 
300 |a 89 p. 
440 0 |a Cedetrabajo 
520 3 |a La evolución biológica es el hilo conductor del presente programa de lecturas, cuyo propósito es servir de apoyo a los docentes y sus estudiantes en sus labores dentro y fuera del aula. 
650 1 4 |a ENSEÑANZA DE LA BIOLOGÍA  |z COLOMBIA 
650 1 4 |a BIOLOGÍA 
700 1 |a Bronowski, Jacob 
999 |c 2726  |d 2726 
856 |u https://catalogo.idep.edu.co/cgi-bin/koha/opac-detail.pl?biblionumber=2726  |z Enlace del recurso